Tipu Sultan: (Record no. 194942)

MARC details
000 -LEADER
fixed length control field 00462nam a22001697a 4500
005 - DATE AND TIME OF LATEST TRANSACTION
control field 20230201121637.0
010 ## - LCCN (DPL NO)
LC control number ENG-136096
020 ## - INTERNATIONAL STANDARD BOOK NUMBER
International Standard Book Number 9788185990088
Terms of availability 95.00
035 ## - SYSTEM CONTROL NUMBER
System control number EN-119628
037 ## - SOURCE OF ACQUISITION
Source of stock number/acquisition DBAD/PUB
082 ## - DEWEY DECIMAL CLASSIFICATION NUMBER
Classification number 920
245 ## - TITLE STATEMENT
Title Tipu Sultan:
Remainder of title Villain Or Hero?/
260 ## - PUBLICATION, DISTRIBUTION, ETC. (IMPRINT)
Place of publication, distribution, etc New Delhi
Name of publisher, distributor, etc Voice of India
Date of publication, distribution, etc 1993
270 ## - ADDRESS
Address 2/18, Ansari Road
City New Delhi
Postal code 110002
300 ## - PHYSICAL DESCRIPTION
Extent vii, 85p.
Dimensions 22cm(pbk)
942 ## - ADDED ENTRY ELEMENTS (KOHA)
Source of classification or shelving scheme Dewey Decimal Classification
Item type English Books
Call number suffix TIP
Classification part 920
Holdings
Withdrawn status Lost status Not for loan Collection code Home library Current library Date acquired Source of acquisition Cost, normal purchase price Full call number Barcode Copy number Cost, replacement price Koha item type
      Non-fiction Kasturba Gandhi Marg Kasturba Gandhi Marg 01/02/2023 DBAD/PUB 95.00 920 TIP EN-119628 1 95.00 English Books

© Delhi Public Library
Hit Counter
free hit counter